[Event "GER-chT U14"]
[Site "Arendsee"]
[Date "2009.12.30"]
[Round "7.3"]
[White "Essig, Philipp"]
[Black "Ilitsch, Marc"]
[Result "0-1"]
[WhiteElo "1049"]
[BlackElo "1171"]
[PlyCount "120"]
[EventDate "2009.12.27"]
[EventType "team-swiss"]
[EventRounds "7"]
[EventCountry "GER"]
[SourceTitle "EXT 2022"]
[Source "ChessBase"]
[SourceDate "2021.10.06"]
[SourceVersion "1"]
[SourceVersionDate "2021.10.06"]
[SourceQuality "1"]
[WhiteTeam "Eppingen U14"]
[BlackTeam "Balingen U14"]
[WhiteTeamCountry "GER"]
[BlackTeamCountry "GER"]

1. e4 e5 2. Nf3 Nc6 3. Bb5 d6 4. Nc3 Nf6 5. d3 Be7 6. 0-0 Bg4 7. Bg5 0-0 8. Bxc6 bxc6 9. h3 Bh5 10. d4 Nd7 11. Bxe7 Qxe7 12. Qd3 Bxf3 13. Qxf3 exd4 14. Ne2 Ne5 15. Qg3 Nc4 16. Qd3 Nxb2 17. Qxd4 Qe5 18. Rab1 Qxd4 19. Nxd4 Nc4 20. Rfd1 Rfe8 21. f3 Na5 22. g4 Rab8 23. Kg2 c5 24. Nb5 Rb7 25. a4 Reb8 26. Nc3 Nc4 27. Rxb7 Rxb7 28. Kf2 Na3 29. e5 Nc4 30. Nb5 Kf8 31. exd6 cxd6 32. Nxd6 Rd7 33. Nxc4 Rxd1 34. Ne3 Ra1 35. Nc4 Rxa4 36. Ne3 Ra2 37. Ke2 Ke7 38. Kd3 Ke6 39. Nc4 Ra1 40. h4 g6 41. h5 gxh5 42. gxh5 Rh1 43. Ne3 Rxh5 44. Ng2 Kd6 45. c3 a5 46. Ne3 Rh3 47. Nc4+ Kd5 48. Nd2 a4 49. Ke3 a3 50. Nb3 Kc4 51. Nc1 Rh1 52. Nd3 Kxc3 53. Nxc5 a2 54. Ne4+ Kb4 55. Nf2 a1Q 56. Nxh1 Qxh1 57. Kf4 Kc4 58. Kf5 Qxf3+ 59. Kg5 h6+ 60. Kh4 Qg2 0-1

[Event "GER-chT U14"]
[Site "Arendsee"]
[Date "2009.12.29"]
[Round "6.3"]
[White "Ilitsch, Marc"]
[Black "Tran, Khoa Anh Le"]
[Result "0-1"]
[WhiteElo "1171"]
[BlackElo "1481"]
[PlyCount "88"]
[EventDate "2009.12.27"]
[EventType "team-swiss"]
[EventRounds "7"]
[EventCountry "GER"]
[SourceTitle "EXT 2022"]
[Source "ChessBase"]
[SourceDate "2021.10.06"]
[SourceVersion "1"]
[SourceVersionDate "2021.10.06"]
[SourceQuality "1"]
[WhiteTeam "Balingen U14"]
[BlackTeam "Treptow"]
[WhiteTeamCountry "GER"]
[BlackTeamCountry "GER"]

1. e4 e6 2. Nf3 d5 3. e5 c5 4. d4 cxd4 5. Nxd4 Nc6 6. Nf3 Bc5 7. Bd3 Nge7 8. Bg5 Qb6 9. 0-0 Qxb2 10. Nbd2 Qb6 11. Rb1 Qc7 12. Re1 0-0 13. c3 Ng6 14. Qc2 Bb6 15. Nb3 Bd7 16. Nbd4 Nxd4 17. cxd4 Qxc2 18. Bxc2 Rac8 19. Rbc1 Bb5 20. Bb3 Ba5 21. Rxc8 Rxc8 22. Rc1 Rxc1+ 23. Bxc1 Ne7 24. Bd2 Bxd2 25. Nxd2 Nc6 26. Nf3 Be2 27. Ba4 Bxf3 28. Bxc6 bxc6 29. gxf3 f6 30. f4 h6 31. a4 Kf7 32. f3 g5 33. fxg5 hxg5 34. Kf2 fxe5 35. dxe5 a5 36. Ke3 c5 37. f4 gxf4+ 38. Kxf4 Kg6 39. h3 Kh5 40. Ke3 Kh4 41. Kf4 c4 42. Ke3 Kxh3 43. Kd4 Kg4 44. Ke3 Kf5 0-1